On Business and for Pleasure :A self study Workbook for Advanced Business English Studens. (ბიბ.ჩანაწერი № 46656)
[ მარტივი ფორმატი ]
| 000 -LEADER | |
|---|---|
| fixed length control field | 00445nam a2200145Ia 4500 |
| 001 - CONTROL NUMBER | |
| control field | 13497 |
| 003 - CONTROL NUMBER IDENTIFIER | |
| control field | GE_BSU |
| 008 - FIXED-LENGTH DATA ELEMENTS--GENERAL INFORMATION | |
| fixed length control field | 181216s||||||||xx |||||||||||||| ||und|| |
| 040 ## - CATALOGING SOURCE | |
| Transcribing agency | GE_BSU |
| 100 ## - MAIN ENTRY--PERSONAL NAME | |
| Personal name | Berman,Michael |
| 245 ## - TITLE STATEMENT | |
| Title | On Business and for Pleasure :A self study Workbook for Advanced Business English Studens. |
| 653 ## - INDEX TERM--UNCONTROLLED | |
| Uncontrolled term | A self study Workbook for Advanced Business Englis Studens |
| 653 ## - INDEX TERM--UNCONTROLLED | |
| Uncontrolled term | On Business and for Pleasure |
| 942 ## - ADDED ENTRY ELEMENTS (KOHA) | |
| Koha item type | წიგნი |
არაა ხელმისაწვდომი ეგზემპლარები.
